Loading...
| Current Events | 4 | 15.00 | 25% | 50% | 75% |
| Fine Arts - Classical Music | 5 | 20.00 | 80% | 40% | 80% |
| Fine Arts - Other | 9 | 12.22 | 44% | 67% | 11% |
| Fine Arts - Painting & Sculpture | 6 | 13.33 | 33% | 50% | 50% |
| Geography | 2 | 10.00 | 0% | 100% | 0% |
| History - American | 10 | 15.00 | 70% | 40% | 40% |
| History - European | 5 | 12.00 | 60% | 40% | 20% |
| History - Other | 9 | 11.11 | 44% | 56% | 11% |
| History - World | 7 | 14.29 | 43% | 71% | 29% |
| Literature - American | 5 | 8.00 | 40% | 40% | 0% |
| Literature - British | 5 | 10.00 | 20% | 80% | 0% |
| Literature - European | 11 | 10.00 | 55% | 0% | 46% |
| Literature - World | 8 | 12.50 | 50% | 38% | 38% |
| Mythology | 5 | 12.00 | 20% | 0% | 100% |
| Other Academic | 4 | 15.00 | 25% | 50% | 75% |
| Philosophy | 3 | 16.67 | 100% | 67% | 0% |
| Religion | 8 | 15.00 | 63% | 63% | 25% |
| Science - Biology | 8 | 12.50 | 63% | 13% | 50% |
| Science - Chemistry | 7 | 15.71 | 57% | 71% | 29% |
| Science - Other | 6 | 11.67 | 33% | 33% | 50% |
| Science - Physics | 4 | 12.50 | 25% | 50% | 50% |
| Social Science | 1 | 20.00 | 0% | 100% | 100% |